| 000 | 00489nam a2200169Ia 4500 | ||
|---|---|---|---|
| 999 |
_c20148 _d20148 |
||
| 003 | OSt | ||
| 005 | 20200706122238.0 | ||
| 008 | 190216s9999||||xx |||||||||||||| ||und|| | ||
| 020 | _a9780198730163 | ||
| 040 | _coclc | ||
| 082 |
_a940.18 _bMAY/C |
||
| 100 |
_aMayer, Hans Eberhard _93564 |
||
| 245 | 4 |
_aThe Crusades / _cHans Eberhard Mayer |
|
| 260 |
_bOxford University Press, _c1987. _aDelhi: |
||
| 300 | _a339p | ||
| 942 |
_cBK _2ddc _h940.18 _iMAY/C _k940.18 _mMAY/C |
||